Elektronika

Na minha lista:
Detalhes bibliográficos
Formato: Periódico
Publicado em: 1994
Tags: Adicionar Tag
Sem tags, seja o primeiro a adicionar uma tag!

MARC

LEADER 00000nas a22000003a 4500
001 stu67413
005 20141121232304.6
008 011106s1994----------------------------d
040 |a STU  |b slo 
041 0
245 |a Elektronika 
260 |c 1994 
500 |a 1-12 
500 |a 12 
500 |a 1994 
773 0 |t Elektronika :  |w stu_us_cat*stu58856  |x 0862-4607  |7 nnas 
996 |d Roč. 1994, 1994  |v Roč. 1994  |y 1994  |l EE0103  |s A  |a 24  |w stu67413_0001 
996 |d Roč. 1994, 1994  |v Roč. 1994  |y 1994  |l II680  |s A  |a 24  |w stu67413_0007